Collection of entomological baseline data for tsetse area-wide integrated pest management programmes / (Record no. 15093)

000 -LEADER
fixed length control field 01663cam a2200253 a 4500
020 ## - INTERNATIONAL STANDARD BOOK NUMBER
ISBN 9789251061589
020 ## - INTERNATIONAL STANDARD BOOK NUMBER
ISBN 9251061580
040 ## - CATALOGING SOURCE
Transcribing agency BTCTA
082 04 - DEWEY DECIMAL CLASSIFICATION NUMBER
Classification number 614 FOO 2008 A054 Or.
100 1# - MAIN ENTRY--AUTHOR NAME
Personal name Leak, S. G. A.
245 10 - TITLE STATEMENT
Title Collection of entomological baseline data for tsetse area-wide integrated pest management programmes /
260 ## - PUBLICATION, DISTRIBUTION, ETC. (IMPRINT)
Place of publication Rome :
Name of publisher Food and Agriculture Organization of the United Nations,
Year of publication 2008
300 ## - PHYSICAL DESCRIPTION
Number of Pages viii, 205 p. :
Other physical details ill. (some col.), maps (chiefly col.) ;
Dimensions 25 cm
490 1# - SERIES STATEMENT
Series statement FAO animal production and health guidelines,
520 ## - SUMMARY, ETC.
Summary, etc Area-wide integrated pest management (AW-IPM) entails the integration of different control tactics against an entire pest population within a circumscribed area, while given adequate attention to human health and the environment. For most insect pests including tsetse, AW-IPM results in more sustainable pest control and the concept has gained significantly in importance in the last decade. These guidelines provide, aside from some basic information on the biology of tsetse flies, guidance on the development and implementation of an entomological survey to collect essential baseline data using modern spatial tools such as geographic information systems (GIS), satellite imagery, remote sensing, land use land cover maps, the Global Position System, etc.--Publisher's description
650 #0 - SUBJECT ADDED ENTRY--TOPICAL TERM
Topical Term Tsetse-flies
650 #0 - SUBJECT ADDED ENTRY--TOPICAL TERM
Topical Term Tsetse-flies
650 #0 - SUBJECT ADDED ENTRY--TOPICAL TERM
Topical Term Insect surveys
700 1# - ADDED ENTRY--PERSONAL NAME
Personal name Ejigu, Dejene
700 1# - ADDED ENTRY--PERSONAL NAME
Personal name Vreysen, M. J. B
710 2# - ADDED ENTRY--CORPORATE NAME
Corporate name or jurisdiction name as entry element Food and Agriculture Organization of the United Nations
856 11 - ELECTRONIC LOCATION AND ACCESS
Uniform Resource Identifier ftp://ftp.fao.org/docrep/fao/011/i0535e/i0535e.pdf
942 ## - ADDED ENTRY ELEMENTS (KOHA)
Koha item type សៀវភៅភាសាអង់គ្លេស
952 ## - LOCATION AND ITEM INFORMATION (KOHA)
Withdrawn status [LOCAL, KOHA] 0
Holdings
Permanent Location Date acquired Koha item type Lost status Shelving location Barcode Current Location Full call number
Library Block A2017-11-10សៀវភៅភាសាអង់គ្លេស A054A06384Library Block A614 FOO 2008 A054 Or.
មជ្ឈមណ្ឌលឯការនៃសាកលវិទ្យាល័យភូមិន្ទកសិកម្មចំការដូង

Powered by Koha